| 000 | 01153cam a22003014a 4500 | ||
|---|---|---|---|
| 001 | 13076272 | ||
| 005 | 20050421100806.0 | ||
| 008 | 030131s2004 nyua b 001 0 eng | ||
| 010 | _a 2003042609 | ||
| 020 | _a9781435486164 | ||
| 020 | _a1435486161. | ||
| 040 |
_aDLC _cDLC _dDLC |
||
| 042 | _apcc | ||
| 050 | 0 | 0 |
_aTP1120 _b.L6 2004 |
| 082 | 0 | 0 |
_a668.4 _221 _bLOK |
| 100 | 1 |
_aLokensgard, Erik. _911619 |
|
| 245 | 1 | 0 |
_aIndustrial plastics : _btheory and applications / _cErik Lokensgard. |
| 250 |
_a5th ed. _bInternational ed. |
||
| 260 |
_aAlbany, NY : _bThomson Delmar Learning, _cc2010. |
||
| 300 |
_axvii, 538 p. : _bill. ; _c28 cm. |
||
| 500 | _aIncludes Index. | ||
| 504 | _aIncludes bibliographical references (p. 517-519) and index. | ||
| 650 | 0 |
_aPlastics. _911620 |
|
| 700 | 1 |
_aRichardson, Terry L. _tIndustrial plastics. _911621 |
|
| 942 |
_2ddc _cBB |
||
| 999 |
_c13448 _d13448 |
||